000 00408 a2200169 4500
001 067581
003 OSt
005 20211216152352.0
008
082 _a512.7
_bS54E
100 1 _aStillwell, John
245 1 _aElements of number theory
_cby John Stillwell
260 _aNew York
_bSpringer
_c2009
300 _a254p.
653 _aNumber theory
942 _2ddc
_cBK
999 _c1458
_d1458